Kader 1. FC Heidenheim - Statistiken

Allgemein
  • Dieses Quiz wurde 103 mal gespielt
    95 seit der letzten Aktualisierung
  • Das Durchschnittsergebnis liegt bei 14 aus 31
Antwortstatistiken
# Spieler % Korrekt
1 Kevin Müller
92%
10 Tim Kleindienst
91%
37 Jan-Niklas Beste
88%
6 Patrick Mainka
74%
8 Eren DInkci
62%
Frank Schmidt
62%
2 Marnon Busch
59%
19 Jonas Föhrenbach
57%
23 Omar Traoré
57%
33 Lennard Maloney
55%
16 Kevin Sessa
50%
18 Marvin Pieringer
50%
4 Tim Siersleben
50%
5 Benedikt Gimber
49%
3 Jan Schöppner
47%
21 Adrian Beck
43%
17 Florian Pick
42%
30 Norman Theuerkauf
42%
9 Stefan Schimmer
42%
22 Vitus Eicher
41%
11 Denis Thomalla
39%
24 Christian Kühlwetter
30%
20 Nikola Dovedan
27%
40 Frank Feller
20%
27 Thomas Keller
20%
34 Paul Tschernuth
19%
36 Luka Janes
15%
44 Elidon Qenaj
12%
26 Tim Köther
12%
29 Seedy Jarju
9%
28 Melvin Ramusovic
7%
Keine übereinstimmenden Quizze gefunden
Verteilung der Resultate
Anzahl Personen mit jedem Resultat
Perzentil nach korrekt beantworteten Fragen
Ihre Resultats-Entwicklung
Sie haben dieses Quiz seit der letzten Aktualisierung nicht gespielt